| 000 | 02367nam a2200265 a 4500 | ||
|---|---|---|---|
| 003 | Biblioteca Akishino | ||
| 005 | 20260526193458.0 | ||
| 008 | s2025 ag ||||| |||| 00| 1 spa d | ||
| 020 | _a9788419168665 | ||
| 040 |
_aBiblioteca Su Alteza Imperial Príncipe Akishino _eAACR2 |
||
| 041 | 1 |
_aspa _hjpn |
|
| 082 | 0 |
_a895.635 _bSH555.E 2025 |
|
| 100 | 1 |
_aShibaki, Yoshiko, _d1914-1991 _91639 |
|
| 240 | 1 | 0 |
_aSusaki Paradise. _lEspañol |
| 245 | 1 | 0 |
_aSusaki Paradise / _cYoshiko Shibaki; traducción de Yoko Ogihara y Fernando Cordobés. |
| 250 | _a1a ed. | ||
| 260 |
_aArgentina : _bGallo Nero, _c2025. |
||
| 520 | 0 | _a«Pasado el puente, en la entrada del barrio del placer, se levantaba un arco que sustituía a la gran puerta que presidió el lugar en tiempos remotos. Allí se iluminó un neón en el cual se leía: Susaki Paradise. La calle principal al otro lado se extendía en línea recta hasta que quedaba cortada por un dique. En la parte derecha se encontraba el primer barrio de Benten y, a la izquierda, el segundo. En conjunto, era un pequeño mundo rodeado de agua distinto a todo lo demás.» Publicado en 1955, Susaki Paradise reúne seis historias interconectadas que giran en torno a la decadente taberna Chigusa y su propietaria, Tokuko, y que combinan el lirismo con un mundo salvaje. Shibaki retrata con un realismo desalmado a estas trabajadoras del sexo que viven en los márgenes de la sociedad. Lo que une a las mujeres de estas historias es la urgencia inquebrantable con la que viven sus vidas en medio de los desafíos del período de posguerra. Una joven de quince años recién reclutada cuya inocencia infantil se hace añicos en cuestión de días, una exprostituta que anhela tener su propio burdel, una camarera dividida entre un novio suicida y un seductor motociclista. Todos los relatos conforman una mirada tierna a los sueños rotos de aquellas mujeres que alimentaban las fantasías de los hombres. Las historias aquí reunidas sirvieron de inspiración para las películas Suzaki Paradise: Barrio Rojo, de Yûzô Kawashima, y La calle de la vergüenza, de Kenji Mizoguchi (ambas de 1956). | |
| 650 | 7 |
_aNarrativa japonesa _2LOCAL _91368 |
|
| 655 | 0 |
_aNovela _91469 |
|
| 700 | 1 |
_aMizoguchi, Kenji, _d1898-1956 _91661 |
|
| 700 | 1 |
_aOgihara, Yoko _etr. _9778 |
|
| 700 | 1 |
_aCordobés, Fernando _etr. _9779 |
|
| 942 |
_2ddc _cLIBRO |
||
| 999 |
_c920 _d920 |
||